Najlepszy Kierowca F1 z Każdego Kraju - Statystyki

Ogólne statystyki
  • Ten quiz został rozwiązany 52 razy
  • Średni wynik to 17 z 41
Statystyki odpowiedzi
Kraj Kierowca Sukces % Poprawnych
Polska Robert Kubica 1x zwycięstwo
100%
Niemcy Michael Schumacher 7x MŚ
93%
Brazylia Ayrton Senna 3x MŚ
91%
Monako Charles Leclerc 8x zwycięstwo
91%
Wielka Brytania Lewis Hamilton 7x MŚ
91%
Holandia Max Verstappen 4x MŚ
91%
Hiszpania Fernando Alonso 2x MŚ
84%
Meksyk Sergio Perez 6x zwycięstwo
82%
Francja Alain Prost 4x MŚ
73%
Austria Niki Lauda 3x MŚ
68%
Finlandia Mika Hakkinen 2x MŚ
64%
Tajlandia Alex Albon 2x podium
55%
Argentyna Juan Manuel Fangio 5x MŚ
52%
Wenezuela Pastor Maldonado 1x zwycięstwo
52%
Dania Kevin Magnussen 1x podium
50%
Kolumbia Juan Pablo Montoya 7x zwycięstwo
45%
Włochy Alberto Ascari 2x MŚ
43%
Kanada Jacques Villeneuve 1x MŚ
43%
Japonia Kamui Kobayashi 1x podium
41%
Australia Jack Brabham 3x MŚ
34%
USA Mario Andretti 1x MŚ
34%
Rosja Danił Kwiat 3x podium
32%
Chiny Zhou Guanyu 16 pkt
32%
RPA Jody Scheckter 1x MŚ
30%
Belgia Jacky Ickx 8x zwycięstwo
25%
Nowa Zelandia Denny Hulme 1x MŚ
23%
Estonia Paul Aron 4x trening FP1
20%
Izrael Roy Nissany | Robert Schwartzmann 6x trening FP1
20%
Indie Narain Karthikeyan 5 pkt
18%
Szwecja Ronnie Peterson 10x zwycięstwo
18%
Indonezja Rio Haryanto 12x starty
11%
Portugalia Tiago Monteiro 1x podium
11%
Malezja Alex Yoong 14x starty
9%
Szwajcaria Clay Regazzoni 5x zwycięstwo
9%
Chile Eliseo Salazar 3 pkt
9%
Liechtenstein Rikky von Opel 10x starty
9%
Czechy Tomas Enge 3x starty
9%
Węgry Zsolt Baumgartner 1 pkt
9%
Irlandia Derek Daly 15 pkt
5%
Urugwaj Eitel Cantoni 3x starty
2%
Rodezja (Zimbabwe) John Love 1x podium
2%
Nie znaleziono quizów pasujących do podanych kryteriów
Rozkład punktacji
Procent ludzi z każdym wynikiem
Percentyl według liczby udzielonych odpowiedzi
Twoja historia wyników
Nie rozwiązałeś tego quizu